Every Quality 0 Item in The Binding of Isaac - Statistics

General Stats
  • This quiz has been taken 8 times
  • The average score is 34 of 86
Answer Stats
Description Type Item % Correct
+25 coins Passive A Quarter
100%
Big Beautiful Fly Passive BBF
100%
Stuff Passive Box
88%
He wants your keys! Passive Key Bum
88%
Mass paralysis Active Mom's Bra
88%
Teleport! Active Teleport!
88%
Mirrored buddy Passive Abel
75%
Cursed charge shot Passive Cursed Eye
75%
Protect it Passive Isaac's Heart
75%
Mass fear Active Mom's Pad
75%
Plop! Active The Poop
75%
ZZaZZ ZZdZZiZZmZZhZZ ZZvZZ ZZoZZ ZZ ZZsZZlZZhZZsZZoZZaZZiZZ Passive TMTRAINER
75%
Change Active Clicker
63%
Embrace chaos Passive Curse of the Tower
63%
DMG + tears up. An out-of-body experience! Passive Guillotine
63%
Crying makes me toot Passive Linger Bean
63%
Ultimate grand supreme Passive Pageant Boy
63%
My last resort Active Plan C
63%
Gamble 24/7 Active Portable Slot
63%
Toot on command Active The Bean
63%
Double wiz shot! Passive The Wiz
63%
Orbiting tears + range up Passive Tiny Planet
63%
Mass enemy damage at a cost Active Blood Rights
50%
Explosive thoughts Passive Bob's Brain
50%
10 bombs Passive Boom!
50%
109 Active Dataminer
50%
Turdy touch Passive E. Coli
50%
Lil hush! Passive Hushy
50%
Become the bomb! Active Kamikaze
50%
Extra pill room Passive Little Baggy
50%
Directed tears Passive Marked
50%
Summon Monstro Active Monstro's Tooth
50%
Follows my every move... Passive Obsessed Fan
50%
Magnetic tears Passive Strange Attractor
50%
Eternal life? Passive Ankh
38%
Spin the black circle! Passive Black Powder
38%
Reusable knock-back Active Butter Bean
38%
Protective buddy Passive Dead Bird
38%
??? Passive Key Piece 1
38%
??? Passive Key Piece 2
38%
??? Passive Knife Piece 1
38%
??? Passive Knife Piece 2
38%
Double tap dash Passive Mars
38%
Evil up. Your enemies will pay! Passive Missing Page 2
38%
What's all this...? Passive Mom's Coin Purse
38%
Stop! Active Pause
38%
Lose your head Active Scissors
38%
Toot on touch Passive The Black Bean
38%
Save your life Active The Jar
38%
Tears up. A mind changing experience! Active Wavy Cap
38%
Summon bombs Active Anarchist Cookbook
25%
I feel numb... Active Dull Razor
25%
Party time! Active Free Lemonade
25%
Pain from gain Active Golden Razor
25%
Your stomach rumbles Passive IBS
25%
Fly revenge Passive Infestation
25%
Love toots! Active Kidney Bean
25%
Oops... Active Lemon Mishap
25%
Slice but no dice Active Meat Cleaver
25%
Syntax error Passive Missing No.
25%
Feel my pain Active Razor Blade
25%
Remote bomb detonation Active Remote Detonator
25%
It follows Passive Shade
25%
Temporary enemy slowdown Active The Hourglass
25%
Mass room damage Active The Necronomicon
25%
Blood money Passive A Pound of Flesh
13%
Instant energy! Passive Battery Pack
13%
Sworn protector Passive Best Bud
13%
Fat buddy Passive Bird Cage
13%
Tome of knowledge Active Book of Secrets
13%
You broke it! Active Broken Glass Cannon
13%
Gain more friends! Active Compost
13%
... Passive Dad's Note
13%
You're tearing me apart! Passive Leprosy
13%
It hungers Passive Lil Portal
13%
Come back Active Recall
13%
Fly love Passive Skatole
13%
Let it rip! Active Spin to Win
13%
Plop! Active The Scooper
13%
Friends 'till the end Active Best Friend
0%
Friendly fly Active Brown Nugget
0%
Saved for later Active Hold
0%
Pay to win Active Magic Fingers
0%
Sacrificial insemination Passive Mystery Egg
0%
Spider revenge Passive Spiderbaby
0%
I'm leaking... Passive Varicose Veins
0%
No matching quizzes found
Score Distribution
Percent of People with Each Score
Percentile by Number Answered
Your Score History
You have not taken this quiz